000 00645nam a2200193 i 4500
001 124980
003 ES-MaACL
005 20230906192530.0
007 t|
008 070425s1935 sp ||||1| spa d
245 0 3 _aEl Proyecto de unificación de Seguros sociales.
260 _aMadrid :
_b[s.n.],
_c1935 (
_fOficina Tipográfica del Instituto Nacional de Previsión)
300 _a2 h. ;
_c20 cm.
490 1 _aPublicaciones del Instituto Nacional de Previsión ;
_v479
500 _aSin portada.
830 0 _aPublicaciones del Instituto Nacional de Previsión ;
_v479
_9181151
852 _aES-MaACL
_jC-12659(4)
999 _c124980
_d124980